00783nac a22002297a 4500001001000000003000900010005001700019008003400036040005400070072000800124110009200132245007000224260004000294300000900334490009900343650001200442650002100454650001900475650001100494650002600505650002200531BR8201771BR-BrBNA20240105115259.0230509b bl.|||m| |||| 00| 0 por d aBR-BrBNAbporcBiblioteca Nacional de Agricultura aK101 aPrograma Integrado de Pesquisa Agropecuaria no Rio Grande do Sul, Porto Alegre (Brasil)1 aBeneficiamento de sementes florestais [Rio Grande do Sul, Brasil]3 aPorto Alegre, RS (Brasil): c1982.  a1 p. aPesquisa - Programa Integrado de Pesquisa Agropecuaria no Rio Grande do Sul (Brazil)vno. 63x aSEMENTE aARVORE FLORESTAL aBENEFICIAMENTO aPUREZA aCONTROLE DE QUALIDADE aRIO GRANDE DO SUL